000 00255nam a2200097Ia 4500
001 714774
005 20250826162912.0
008 250824s9999 xx 000 0 und d
245 0 _aİÇİMDE KIZIL BİR GÜL GİBİ
_cAYŞE KULİN
260 _bEVEREST YAYINLARI
999 _c714774
_d714774